000 00590nam a2200229Ia 4500
003 OSt
005 20221005122319.0
006 a|||||r|||| 00| 0
007 ta
008 221004b |||||||| |||| 00| 0 mar d
024 _a61593
037 _cTextual
040 _aCRL
_cCRL
_bmar
041 _2mar
_amar
082 _aO155,3NBE,1, 33J1
100 _aBedekar Malabibai
_9631792
245 0 _aJakaliyamele
260 _c1951
650 _aMARATHI LITERATURE
_938000
942 _hO155,3NBE,1, 33J1
_cTEXL
_2cc
999 _c1043910
_d1043910